000 00922nam0a22002531 4500
001 rc\4586338
005 20260407024124.0
021 _aRU
_b68-21143
021 _aRU
_bРг2667-68
035 _a(NLR Aleph) 008381623
090 _a9121283
_c9121283
100 _a20130416d1968 |||y0rusy50 ca
101 0 _arus
102 _aRU
105 _ay z |||||
200 1 _aМетодика проведения экспертизы импортных бананов и ананасов в местах их реализации
_eУтв. 13/VIII 1966 г.
_fВсесоюз. торг. палата. Упр. товарных экспертиз
210 _aМосква
_cБ. и.
_d1968
215 _a13 с.
_d22
712 0 2 _aВсесоюзная торговая палата
_9517138
_3RU\NLR\AUTH\8810009699
801 0 _aRU
_bNLR
_gpsbo
801 1 _aRU
_bELAR
_2rusmarc
852 _aNLR
_j68-6/4217
942 _cBOOK
980 _aNB